000 00607ntm a22001692n 4500
003 OSt
005 20211120164456.0
008 120808t xxu||||| |||| 00| 0 eng d
040 _aMMSU
_cULS
100 _aIgnacio, Dominador D.
_911898
245 _aPlacement and training needs of agricultural technician graduates of the Mariano Marcos State University
_cDominador D. Ignacio
260 _c1979
300 _axx, 165 leaves
_c28 cm.
500 _aThesis (MS Agricultural Education) -- University of the Philippines, Los BaƱos, Laguna
504 _aBibliography: leaves 106-110
942 _2ddc
_cTHEDIS
999 _c9674
_d9674